00416nam a2200157 a 4500003000800000005001700008008004100025035001400066040001800080041000800098082002600106100003300132245003400165260004300199300001600242BD-RjUL20240201121549.0920409s1953 gw 000 1 eng d a(BD-RjUL) aANLbengcANL aeng04a813.52219bLEM 1953?1 aLewis, Sinclair,d1885-1951.10aMantrap /cby Sinclair Lewis. aLondon :bThe Readers Libraryc[1953]. a282p;c16cm